| 000 | 00383nam a2200145 a 4500 | ||
|---|---|---|---|
| 005 | 20140412111228.0 | ||
| 008 | 020604s19uu xx 00 eng d | ||
| 020 | _a971-121-141-6 | ||
| 050 |
_aFil 808.83 _bAk57 v.2 |
||
| 245 | _aAklat adarna, 2. | ||
| 260 |
_aPhilippines : _bAklat Adarna, _c1987. |
||
| 300 | _a143 p. ; ill. | ||
| 650 |
_aShort stories _xFilipino |
||
| 999 |
_c102106 _d102106 |
||